Culture Générale - Série 316 - Statistiques

Statistiques générales
  • Ce quiz a été pris 231 fois
  • Le résultat moyen est 5 sur 10
Statistiques - réponses
Question Réponse % Correct
De quel aliment Winnie l'ourson raffole-t-il ? Le miel
95%
Quel animal est le héros du film "La Marche de l'empereur" ? Le manchot
86%
Quel pays a pour équipe nationale de football les Lions de l'Atlas ? Le Maroc
76%
Au croquet, quel accessoire sert à frapper dans les boules ? Le maillet
53%
Dans quel pays se situe l'Annapurna ? Le Népal
49%
Dans quel sport l'Espagnol Steve Ballesteros s'est-il illustré ? Le golf
48%
De quel sport Thierry Rey a-t-il été champion olympique ? Le judo
47%
Quel film a valu à Richard Bohringer le césar du meilleur acteur en 1988 ? Le Grand Chemin
22%
A quel jeu télévisé participent les Inconnus dans "Les Trois Frères" ? Le Millionnaire
20%
Dans quel sport Daniel Costantini entraîna-t-il l'équipe de France ? Le handball
17%
Aucun quiz correspondant
Distribution des résultats
% des personnes avec chaque résultat
Percentile par nombre de réponses
Votre historique - résultats
Vous n’avez pas pris ce quiz